|
|
|
|
| LEADER |
00000nab a22000007a 4500 |
| 003 |
Ucuenca |
| 005 |
20230308225754.0 |
| 008 |
180307b2017 cu ||||| |||| 00| 0 spa d |
| 022 |
|
|
|a 0864-1374
|
| 040 |
|
|
|b spa
|
| 041 |
0 |
|
|a spa
|
| 082 |
0 |
|
|a 792
|b T113
|
| 100 |
1 |
|
|a Valiño, Osvaldo
|9 221366
|
| 245 |
|
|
|a Largo viaje hacia el teatro de una isla
|h imp
|c Osvaldo Valiño
|
| 264 |
|
|
|a La Habana
|b Tablas Alarco
|c 2017
|
| 300 |
|
|
|a páginas: 9-19
|c 26.5 cm
|
| 362 |
|
|
|a vol. 110, nos. 1-2 (2017)
|
| 500 |
|
|
|a Este texto será publicado próximamente en la prestigiosa revista italiana teatro e Storia
|
| 650 |
|
|
|a Teatro cubano
|9 6286
|
| 653 |
|
|
|a .
|
| 773 |
0 |
|
|0 153958
|9 146971
|d Habana Casa Editorial Tablas Alarco 2017
|o 257116
|t Revista cubana de artes escénicas
|x 0864-1374
|
| 942 |
|
|
|2 ddc
|c SERA
|
| 999 |
|
|
|c 153960
|d 153960
|